| 000 | 00663nam a2200229Ia 4500 | ||
|---|---|---|---|
| 003 | BUBTL | ||
| 008 | 151213s9999 xx 000 0 und d | ||
| 041 | _aEnglish | ||
| 082 |
_22nd _a341.4845492/ R1379l/ 1983 |
||
| 100 |
_aRakshit, Sree Mridulkanti _94520 |
||
| 245 |
_aThe Law of Vested Property in Bangladesh/ _cSree Mridulkanti Rakshit |
||
| 250 | _a2nd | ||
| 260 |
_aChittagong _bSignet Press Ltd. _cc1983 |
||
| 300 |
_a[xxii], 265p. : _bill. ; 22 cm. |
||
| 526 | _aLaw | ||
| 650 | _aLaw | ||
| 650 | _a | ||
| 700 |
_aSree Mridulkanti Rakshit _95359 |
||
| 856 |
_k0 _l0 _yDownload |
||
| 942 |
_2ddc _cBK |
||
| 999 |
_c1974 _d1974 |
||